Paris- Station de métro avec une seule ligne - Statistiques

Statistiques générales
  • Ce quiz a été pris 101 fois
  • Le résultat moyen est 11 sur 21
Answers on the Grid
Answers color-coded by a green-red scale on the quiz's grid according to % correct below.
Reuilly-Diderot
Franklin D. Roosevelt
Alexandre Dumas
Barbès-Rochechouart
Abbesses
Parmentier
Saint-Germain-des-Prés
Raspail
Etienne Marcel
Oberkampf
Saint-Paul
Jacques Bonsergent
Passy
Bastille
Picpus
Ecole Militaire
Père-Lachaise
Jussieu
Trocadero
Crimée
Louis Blanc
Filles du Calvaire
Rome
Bonne-Nouvelle
Rue des Boulets
Grands Boulevards
Maubert-Mutualité
Arts-et-Métiers
Cours Saint-Emilion
Miromesnil
Odéon
Mabillon
Belleville
Pyrénées
Assemblée Nationale
République
Sevres-Babylone
Plaisance
Duroc
Invalides
Olympiades
Pyramides
 
Statistiques - réponses
Réponse % Correct
Filles du Calvaire
59%
Passy
57%
Ecole Militaire
56%
Pyrénées
56%
Rome
56%
Saint-Paul
56%
Abbesses
54%
Cours Saint-Emilion
54%
Crimée
54%
Maubert-Mutualité
54%
Saint-Germain-des-Prés
54%
Alexandre Dumas
51%
Jacques Bonsergent
51%
Picpus
51%
Olympiades
49%
Parmentier
49%
Assemblée Nationale
48%
Etienne Marcel
48%
Plaisance
48%
Rue des Boulets
48%
Mabillon
44%
Aucun quiz correspondant
Distribution des résultats
% des personnes avec chaque résultat
Percentile par nombre de réponses
Votre historique - résultats
Vous n’avez pas pris ce quiz